CZ 2075 RAMI šikovná bacuľka

Bibliographic Details
Main Author: Šramek, Tomáš (Author)
Format: Article
Language:Slovak
PhysicalDescription:Obr., tab.
ISSN:1335-5740
Subjects:

MARC

LEADER 00000nab a2200000 a 4500
001 vtls000875417
003 SK-MaSNL
005 20260304114035.0
008 250429c2004 xo 0 slo
015 |a SNBRB2004/06-17826 
035 |a CLN000226969 
035 |a urn:nbn:sk:snk-ab244i 
035 |a (urnnbn)urn:nbn:sk:snk:ar-a01kqj 
035 |a (uuid)591e0815-e371-4b98-9df4-1dac78714498 
040 |a SNKBUCL  |b slo  |c SNKBUCL  |e AACR2 
041 0 |a slo 
044 |a xo  |c SK 
080 |a 623.443.3  |2 1997 
100 1 |a Šramek, Tomáš  |4 aut  |9 1061752 
245 1 0 |a CZ 2075 RAMI  |b šikovná bacuľka  |c Tomáš Šramek 
300 |b Obr., tab. 
650 0 7 |a CZ 2075 RAMI (pištoľ)  |x testy  |2 snkbucl  |9 1418212 
650 0 7 |a pištole samonabíjacie  |2 snkbucl  |9 1103221 
655 7 |a články z novín a časopisov  |2 snkbucl  |9 267496 
773 0 |t Zbrane, strelci a lovci  |g Roč. 5, č. 2 (2004), s. 8-11  |x 1335-5740 
850 |a Slovenská národná knižnica 
852 |a Slovenská národná knižnica 
954 |a odborná, vedecká literatúra pôvodná (slovenská)  |2 lita 
958 |a article27 
958 |a RBX 
958 |a OND 
958 |a EUIPO 
999 |c 2871652  |d 2873582